| 000 | 00594 a2200181 4500 | ||
|---|---|---|---|
| 001 | 57083 | ||
| 005 | 20260407155833.0 | ||
| 008 | 260407a1968 arg spa d | ||
| 003 | AR-UNSa-BCEJYS | ||
| 040 |
_aAR-UNSa-BCEJYS _bspa _cAR-UNSa-BCEJYS |
||
| 080 |
_a94:33 _xHistoria económica |
||
| 245 | 1 | 0 |
_aBreve Historia económica y social _pdesde la caida del Imperio occidente hasta la crisis de 1929 |
| 264 | 1 |
_aBuenos Aires : _bEl Coloquio de Económicas _c1968 |
|
| 300 |
_a440 p. _c22 cm. |
||
| 942 | _cBK | ||
| 590 | _aniveau_biblio:m niveau_hierar:0 | ||
| 100 | 1 | _aPereira Pinto, Juan Carlos | |
| 999 |
_c6111 _d6111 |
||